Autobiography of a yogi / (Record no. 101467)

MARC details
000 -LEADER
fixed length control field 00496nam a22001697a 4500
005 - DATE AND TIME OF LATEST TRANSACTION
control field 20160726110912.0
010 ## - LCCN (DPL NO)
LC control number ENG-115530
020 ## - INTERNATIONAL STANDARD BOOK NUMBER
International Standard Book Number 9789352610938
Terms of availability 150.00
037 ## - SOURCE OF ACQUISITION
Source of stock number/acquisition DBAD/PUB
082 ## - DEWEY DECIMAL CLASSIFICATION NUMBER
Classification number 230.33
100 ## - MAIN ENTRY--PERSONAL NAME
Personal name Osho
245 ## - TITLE STATEMENT
Title Autobiography of a yogi /
Statement of responsibility, etc by Paramahansa Yoganand
260 ## - PUBLICATION, DISTRIBUTION, ETC. (IMPRINT)
Place of publication, distribution, etc New Delhi
Name of publisher, distributor, etc Dimond Books
Date of publication, distribution, etc 2016
270 ## - ADDRESS
Address X-30,Okhla Industrial Area,Phase-II
City New Delhi
Postal code 110020
300 ## - PHYSICAL DESCRIPTION
Extent 312p.
Dimensions 21cm(pbk)
942 ## - ADDED ENTRY ELEMENTS (KOHA)
Source of classification or shelving scheme Dewey Decimal Classification
Item type English Books
Classification part 230.33
Call number suffix PAR
Holdings
Withdrawn status Lost status Not for loan Collection code Home library Current library Date acquired Source of acquisition Cost, normal purchase price Full call number Barcode Copy number Cost, replacement price Koha item type
    Not For Loan Non-fiction D.B.Act.Division Bawana 26/07/2016 DBAD/PUB 150.00 230.33 PAR EN-99062 1 150.00 English Books

© Delhi Public Library
Hit Counter
free hit counter